The Winners manual : essentials life and work skills, marketing effectively, communicate clearly (Record no. 183595)

MARC details
000 -LEADER
fixed length control field 00545nam a2200157Ia 4500
005 - DATE AND TIME OF LATEST TRANSACTION
control field 20250502105646.0
008 - FIXED-LENGTH DATA ELEMENTS--GENERAL INFORMATION
fixed length control field 231217s9999 xx 000 0 und d
020 ## - INTERNATIONAL STANDARD BOOK NUMBER
International Standard Book Number 9780143064831
082 ## - DEWEY DECIMAL CLASSIFICATION NUMBER
Classification number 158.1 DKL1;1
100 ## - MAIN ENTRY--PERSONAL NAME
Personal name Ali, Moi. Boulden, George P. Heller Robert.
245 #4 - TITLE STATEMENT
Title The Winners manual : essentials life and work skills, marketing effectively, communicate clearly
260 ## - PUBLICATION, DISTRIBUTION, ETC. (IMPRINT)
Date of publication, distribution, etc. 2008
Name of publisher, distributor, etc. Darling Kindersley
Place of publication, distribution, etc. London
300 ## - PHYSICAL DESCRIPTION
Extent 72
650 ## - SUBJECT ADDED ENTRY--TOPICAL TERM
Topical term or geographic name as entry element Winners,essentials,skills,,marketing,effectively,,communicate,clearly
942 ## - ADDED ENTRY ELEMENTS (KOHA)
Koha item type Books
Holdings
Date last seen Total Checkouts Full call number Accession number Old discount Uniform Resource Identifier Cost, replacement price Price effective from Category Lost status Damaged status Department Withdrawn status bill no. bill date Permanent Location Current Location Shelving location Entry date Vendor Cost, normal purchase price Grants Currency symbol Conversion rate Discount Discount type
26/01/2024   158.1 DKL1;1 55043   digital/contents/55043.pdf 399.80 26/01/2024 Books     Central Library   7417 31/01/2013 Central Library Central Library Central Library 30/07/2009 Pulse 399.80 GEN RS 1   Rupees

© For any Suggestions or Query, please contact the library staff @ librarian@pes.edu or Phone: +9180 2672 1983/ 2108.